Statistics for 4-Letter Geography Chain #3

Click here to take the quiz!

General Stats

  • This quiz has been taken 2,932 times
  • The average score is 16 of 21

Answer Stats

HintAnswer% Correct
Canadian province: ____ ScotiaNova
98%
Capital of PeruLima
96%
Capital of UkraineKiev
96%
The Matterhorn's mountain rangeAlps
93%
Extinct bird found on the coat of arms
of Mauritius
Dodo
91%
Former currency of Germany:
Deutsche ____
Mark
87%
National gemstone of AustraliaOpal
84%
National animal of EnglandLion
83%
Unit of measure equal to 1/640th
of a square mile
Acre
80%
City where the Taj Mahal can be foundAgra
77%
Roman name for FranceGaul
72%
City of Greek legend whose ruins can
be found on the Turkish coast
Troy
69%
NYC neighborhood south of Houston streetSoho
67%
Traditional dwelling of steppe nomadsYurt
67%
Cheese named after a Dutch townEdam
66%
6th most common family name in ChinaYang
65%
River flowing through HamburgElbe
63%
Notable animal of the Shetland IslandsPony
63%
London cricket ground: The ____Oval
61%
Central area of Chicago: The ____Loop
52%
Scrubland ecosytem of Southern AfricaVeld
35%

Score Distribution

Percentile by Number Answered

Percent of People with Each Score

Your Score History

You have not taken this quiz